|
|
|
|
| LEADER |
00000nas a2200000 4500 |
| 001 |
vtls012281670 |
| 003 |
SK-MaSNL |
| 005 |
20260228163913.0 |
| 008 |
250820d17781784gw wr p 000 00ger |
| 015 |
|
|
|a SNBHFB
|
| 040 |
|
|
|a SNKHF
|b slo
|c SNKHF
|e rda
|
| 041 |
0 |
|
|a ger
|
| 044 |
|
|
|a gw
|c DE
|
| 072 |
|
7 |
|a 82
|x Literatúra. Literárny život
|2 konspekt
|
| 072 |
|
7 |
|a 792
|x Divadlo. Divadelné predstavenia
|2 konspekt
|
| 080 |
|
|
|a (051)-048.55
|2 2011
|
| 080 |
|
|
|a 82
|2 2011
|
| 080 |
|
|
|a 792
|2 2011
|
| 245 |
0 |
0 |
|a Litteratur- und Theater-Zeitung
|
| 264 |
|
3 |
|a Berlin
|b bey Arnold Wever
|c [1778-1784]
|
| 300 |
|
|
|c 22 cm
|
| 310 |
|
|
|a 1x týždenne
|
| 336 |
|
|
|a text
|b txt
|2 rdacontent
|
| 337 |
|
|
|a bez média
|b n
|2 rdamedia
|
| 338 |
|
|
|a zväzok
|b nc
|2 rdacarrierr
|
| 362 |
0 |
|
|a [1.1778-6.1783; 1784]
|z ZDB/2025
|
| 546 |
|
|
|a Nemčina
|b Fraktúra
|
| 561 |
|
|
|a Proveniencia: pečiatka Dr. E. Kadarász - ver. not. poz. Margity Zayovej Čís. 14192-14193.
|5 SNK ČC 4480/1779
|
| 561 |
|
|
|a Proveniencia: pečiatka Dr. E. Kadarász - ver. not. poz. Margity Zayovej Čís. 14194-14196.
|5 SNK ČC 4480/1782
|
| 588 |
|
|
|a Popis podľa: No. I. (1779)
|
| 650 |
0 |
7 |
|a literatúra
|2 SNKPH
|9 1427
|
| 650 |
0 |
7 |
|a divadlo
|2 SNKPH
|9 3335
|
| 655 |
|
7 |
|a špecializované časopisy
|2 SNKPH
|9 70509
|
| 700 |
1 |
|
|a Wever, Arnold,
|d 1760-1800
|4 prt
|9 274932
|
| 752 |
|
|
|a Nemecko
|d Berlín
|
| 780 |
0 |
0 |
|t Berlinisches litterarisches Wochenblatt
|
| 785 |
0 |
0 |
|t Ephemeriden der Litteratur und des Theaters
|
| 852 |
|
|
|a snk
|b Zaiova knižnica: Zay 13127-13128
|p ČC 4480/1779
|
| 852 |
|
|
|a snk
|b Zaiova knižnica: Zay 13129-13131
|p ČC 4480/1782
|
| 958 |
|
|
|a DD
|
| 999 |
|
|
|c 11207
|d 13137
|
| 952 |
|
|
|0 0
|1 0
|4 0
|7 0
|8 5
|a SNK
|b SNK
|c SNK_HF
|d 2025-08-20
|i snk2025/13254
|l 0
|o snkČC 4480/1779/1
|p 17A1568333
|r 2026-02-21 22:35:05
|t Zay 13127
|w 2026-02-21
|y PREZ
|
| 952 |
|
|
|0 0
|1 0
|4 0
|7 0
|8 5
|a SNK
|b SNK
|c SNK_HF
|d 2025-08-20
|i snk2025/13255
|l 0
|o snkČC 4480/1779/3
|p 17A1568334
|r 2026-02-21 22:35:05
|t Zay 13128
|w 2026-02-21
|y PREZ
|
| 952 |
|
|
|0 0
|1 0
|4 0
|7 0
|8 5
|a SNK
|b SNK
|c SNK_HF
|d 2025-08-20
|i snk2025/13256
|l 0
|o snkČC 4480/1782/1
|p 17A1568335
|r 2026-02-21 22:35:05
|t Zay 13129
|w 2026-02-21
|y PREZ
|
| 952 |
|
|
|0 0
|1 0
|4 0
|7 0
|8 5
|a SNK
|b SNK
|c SNK_HF
|d 2025-08-20
|i snk2025/13259
|l 0
|o snkČC 4480/1782/2
|p 17A1568336
|r 2026-02-21 22:35:05
|t Zay 13130
|w 2026-02-21
|y PREZ
|
| 952 |
|
|
|0 0
|1 0
|4 0
|7 0
|8 5
|a SNK
|b SNK
|c SNK_HF
|d 2025-08-20
|i snk2025/13260
|l 0
|o snkČC 4480/1782/3
|p 17A1568337
|r 2026-02-21 22:35:05
|t Zay 13131
|w 2026-02-21
|y PREZ
|